Theory and Practice of Counseling and Psychotherapy /

Salvato in:
Dettagli Bibliografici
Autore principale: Corey, Gerald (autor)
Natura: Libro
Lingua:inglese
Pubblicazione: Belmont, EUA : Thomson : Brooks Cole, 2005, c2005
Edizione:7a edición
Soggetti:
Tags: Aggiungi Tag
Nessun Tag, puoi essere il primo ad aggiungerne!!

MARC

LEADER 00000nam^a2200000^a^4500
001 000318676
005 20250521000000.0
009 20260310113419.817
020 |a 978-0-534-53605-3 
020 |a 0-534-53605-0 
037 |a Acervo ITESO - Biblioteca 
041 |a ING 
082 |a 158. 3  |b COR 
100 |a Corey, Gerald  |e (autor) 
240 1 1 |a [Theory and Practice of Counseling and Psychotherapy] 
245 1 0 |a Theory and Practice of Counseling and Psychotherapy /  |c G. Corey. 
250 |a 7a edición 
264 4 |a Belmont, EUA :  |b Thomson :  |b Brooks Cole,  |c 2005, c2005 
300 |a XVIII, 547 p. 
336 |a texto  |b txt  |2 rdacontenido 
337 |a sin mediación  |b n  |2 rdamedio 
338 |a volumen  |b nc  |2 rdasoporte 
649 |a XX 
650 |a Psicoterapeutas -  |x Prácticas Profesionales 
650 |a Etica Médica 
650 |a Etica Profesional 
650 |a Relación Médico-Paciente 
650 |a Comunicación Personal 
650 |a Orientación y Consejería -  |x Tema Principal 
650 |a Psicoterapia -  |x Aspectos Eticos 
650 |a Psicoterapia -  |x Tema Principal 
650 |a Psicología Clínica 
910 |a Fondo General 
920 |a Impresos - Libros 
930 |a Colección General 
905 |a 101 
901 |a 0500205769  |b IT1  |c ACC  |i D57503  |u 20250521 
902 |a https://opac.biblio.iteso.mx/vufind/Record/000318676